000 00499nam a2200181Ia 4500
005 20250423095239.0
008 250422s9999 xx 000 0 und d
020 _a9789350144190
050 _aTA 170 .S66/
100 _aSoni, Saurabh Kumar
245 0 _aEnvironmental engineering-II
260 _aNew delhi
260 _bS.K kataria & sons
260 _c2014
300 _a304 p
650 _a Environmental engineering--Congresses. Environmental management--Congresses.
942 _cBK
999 _c29693
_d29693